| 000 | 00368nam a2200157Ia 4500 | ||
|---|---|---|---|
| 003 | OSt | ||
| 005 | 20240403105442.0 | ||
| 008 | 170619s9999 xx 000 0 und d | ||
| 040 | _cIIMT ENGINEERING COLLEGE | ||
| 100 | _aARORA S.C. | ||
| 245 | 0 | _aMECHANICAL ENGINEERING | |
| 260 | _bNew Delhi; Dhanpat Rai | ||
| 260 | _c2002 | ||
| 546 | _aENGLISH | ||
| 942 |
_2ddc _c01 |
||
| 999 |
_c16592 _d16592 |
||